Cultura y comunicación /
Guardado en:
| Autor Principal: | |
|---|---|
| Otros Autores: | , , |
| Formato: | Libro |
| Idioma: | Undetermined |
| Publicado: |
Buenos Aires :
Maipue,
2004.
|
| Edición: | 1a ed. |
| Materias: | |
| Etiquetas: |
Agregar Etiqueta
Sin Etiquetas, Sea el primero en etiquetar este registro!
|
| LEADER | 01992nam a22002295a 4500 | ||
|---|---|---|---|
| 001 | CEM.cems021185 | ||
| 008 | 240529s2004####ag############000#0#und#d | ||
| 005 | 20240529154951.0 | ||
| 245 | 1 | 0 | |a Cultura y comunicación / |c Teresa Eggers-Brass ... y otros. |
| 250 | |a 1a ed. | ||
| 260 | |a Buenos Aires : |b Maipue, |c 2004. | ||
| 300 | |a 240 p. | ||
| 505 | 0 | |a La construcción de la cultura -- El ser humano, creador de cultura -- Naturaleza y cultura -- El enfoque antropológico de las culturas -- Etnocentrismo -- Cambio y transformación en las culturas -- Cultura e identidad -- La identidad cultural: nosotros y los otros -- La identidad cultural de los argentinos -- La identidad en nuestra historia -- Territorio e identidad -- Neocolonialismo cultural -- Diferenciación cultural en una sociedad -- La escritura y la transmisión cultural en la historia -- Historia de la escritura -- Historia del soporte de la escritura -- Historia de la imprenta -- Edición de libros y sociedad -- Imagen cultural -- El espacio social y personal como construcciones sociales -- Percepción: ¿qué ves cuando me ves? -- Comunicación y cultura -- Viejos conocidos: ¿cómo nos comunicamos? -- Signos y significación -- Teorías sobre la comunicación: del modelo clásico de la década del cincuenta a la mirada actual -- Medios masivos e industria cultural -- Industria cultural y productores de sentido -- Intérpretes y audiencias -- Los medios de comunicación: el periodismo gráfico -- La radio -- El cine -- La televisión -- Informática y redes -- Comunicación, cultura mediática e ideología -- Las máquinas de comunicar -- ¿Hacia una cultura global? -- Detrás de las noticias | |
| 020 | |a 9789879493052 | ||
| 100 | 1 | |a Eggers-Brass, Teresa. | |
| 700 | 1 | |a Gallego, Marisa. | |
| 700 | 1 | |a Pedranti, Gabriela. | |
| 700 | 1 | |a Salcito, Fernanda. | |
| 653 | |a Comunicación | ||
| 653 | |a Cultura | ||
| 653 | |a Medios de comunicación | ||
| 859 | |a CEMS |b BIB. CEMS - 11 de abril |h 301.153 |i Eg33 |p 29460.24 |t Ej.1 | ||
